Filipińska imigracja według państw - Statystyki

Ogólne statystyki
  • Ten quiz został rozwiązany 78 razy
  • Średni wynik to 14 z 20
Statystyki odpowiedzi
Ludzie Państwo % Poprawnych
40 123 Chiny
96%
3 885 Indonezja
93%
41 250 Stany Zjednoczone
91%
13 252 Indie
88%
15 700 Japonia
88%
4 820 Australia
87%
5 151 Niemcy
87%
5 809 Wielka Brytania
87%
1 626 Francja
85%
1 780 Hiszpania
84%
7 560 Kanada
81%
9 951 Korea Południowa
81%
2 345 Włochy
75%
4 700 Bangladesz
58%
1 186 Turcja
54%
1 111 Singapur
49%
7 817 Korea Północna
43%
1 440 Timor Wschodni
31%
1 401 Szwajcaria
22%
1 657 Afganistan
15%
Nie znaleziono quizów pasujących do podanych kryteriów
Rozkład punktacji
Procent ludzi z każdym wynikiem
Percentyl według liczby udzielonych odpowiedzi
Twoja historia wyników
Nie rozwiązałeś tego quizu